LEADER 00937nam a2200193 4500 001 000000341759 003 CaOOAMICUS 005 20200826110803.0 008 200826s1839 it a 000 u ita r 040 $aSeMil$bita 245 00$aTomo 4. 264 1$aVenezia :$bGiuseppe Antonelli,$c1839. 300 $a198 p., [20] carte di tav. :$bill. (color.) ;$c32 cm 773 0 $tMedicina pittoresca, o Museo medico-chirurgico corredato di cento tavole d'anatomia generale, descrittiva, chirurgica e patologica, di patologia interna ed esterna, di medicina operatoria, d'ostetricia, di materia medica e terapeutica.$dVenezia : Giuseppe Antonelli, 1834-1839.$g4$w()341755 850 $aSeMil 852 $aSeMil$W1$xVenegono$y1$m3XD VI 15 FA$j221159$B232783$CSeMilBibl$Z2$F232783 $8I 996 $6245$aTomo 4$9(OLS)http://semarc/title/136909 996 $6264$aVenezia :$bGiuseppe Antonelli$9(OLS)http://semarc/publisher/32487 LEADER 00890nam a2200217 i 4500 001 000000213211 003 CaOOAMICUS 005 20230928144958.0 008 120516s1811 it u000 u ita u 026 $alii- ioa- t-a. vapo (3) 1811 (R) 040 $aSeMil$bita 100 0 $aPlutarchus ,$d<46-120>.$0(OLS)http://semarc/name/1118 245 10$aTomo 2. 300 $a414, [2] p. 773 0 $aPlutarchus <46-120>$tVite degli uomini illustri di Plutarco volgarizzate da Girolamo Pompei veronese con varie note del commento di Dacier. Tomo 1. [-7.].$dLivorno : Nella stamperia di Tommaso Masi e C. : a spese di Giuseppe Gamba, 1811.$g2$w()26757 850 $aSeMil 852 $aSeMil$W1$xVenegono$y1$m1Y II 64 FA$j163641$B163641$CSeMilBibl$Z2$F174716 $8I 900 0 $aPlutarco. 996 $6245$aTomo 2$9(OLS)http://semarc/title/49331